01460nam a22002177a 450000500170000000700150001700800410003202000180007303500100009104000090010110000280011024501180013825600240025626000360028030000280031650005140034450602700085865000350112874000380116385600410120120240305165640.0cr|||| |||| 220825s2022 pe |||||s|||| 00||0 spa d a9786123252410 a36966 avLex1 aGarcía Toma, Víctor10aDemocracia, organizaciones políticas y control parlamentarioh[Recurso electrónico] /cVíctor García Toma aServicio en línea aLima:bPalestra Editores,c2022 a1 recurso electrónico aLa presente obra busca dar cuenta del rol protagónico que tienen las organizaciones políticas y el Parlamento para preservar la democracia. Este objetivo se logra a través de un análisis teórico, pero aterrizado en la manera en la que nuestro país ha moldeado tales instituciones. El resultado es un texto que analiza cuidadosamente, a un nivel teórico, los elementos más importantes de tales instituciones, para luego aterrizar y mostrar las peculiaridades de nuestro ordenamiento jurídico.1 aDisponible solo en los productos indicadosdvLex GlobaldvLex Global (Academic Edition, excluding Law Schools)dvLex Global (U.S. Academic Edition, Law Schools)dvLex Global (U.S. Academic Edition, excluding Law Schools)dvLex Global (Academic Edition, Law Schools)04aDerecho ConstitucionalzPerú0 avLex Libros (Servicio en línea)40uhttps://app.vlex.com/#/sources/36966